000
00293nam a22001337a 4500
008
170309b xxu||||| |||| 00| 0 eng d
020
_a
9781416033851
041
_a
eng
080
_2
4 ED
_a
SHM
100
_a
6
101
_a
SHM
245
_a
ATLAS HUMAN ANATOMY
_c
NETTER.F.H
942
_2
udc
_c
BK
999
_c
7374
_d
7374